MARC

LEADER 00000nam0a2200000 4500
001 329685
005 20231102004203.0
035 |a (RuTPU)RU\TPU\book\355445 
090 |a 329685 
100 |a 20170317d1978 m y0rusy50 ca 
101 0 |a rus 
102 |a RU 
105 |a a j 001zy 
200 1 |a Теория авиационных двигателей  |h Вып. 2  |i Теория компрессора  |e курс лекций  |f А. К. Янко [и др.]  |g Киевский институт инженеров гражданской авиации 
210 |a Киев  |c Изд-во КИИГА  |d 1978 
215 |a 92 с.  |c ил. 
320 |a Библиогр.: с. 91 
606 |a Авиационные двигатели  |x Теория  |2 stltpush  |3 (RuTPU)RU\TPU\subj\243  |9 29231 
610 1 |a учебные пособия 
610 1 |a осевые компрессоры 
610 1 |a центробежные компрессоры 
610 1 |a многоступенчатые компрессоры 
610 1 |a осевые компрессоры 
610 1 |a характеристики 
675 |a 621.431.75.01(075.8)  |v 4 
701 1 |a Янко  |b А. К.  |g Анатолий Константинович 
701 1 |a Конев  |b В. А.  |g Виктор Алексеевич 
701 1 |a Купчик  |b Г. Я.  |g Георгий Яковлевич 
701 1 |a Степанов  |b О. А.  |g Олег Арсеньевич 
701 1 |a Шпакович  |b Н. И.  |g Николай Иванович 
712 0 2 |a Киевский институт инженеров гражданской авиации  |2 stltpush  |3 (RuTPU)RU\TPU\col\7483  |9 24336 
801 1 |a RU  |b 63413507  |c 20170317 
801 2 |a RU  |b 63413507  |c 20170321  |g RCR 
942 |c BK